Geboren in Heidenheim an der Brenz - Statistiken

Allgemein
  • Dieses Quiz wurde 34 mal gespielt
  • Das Durchschnittsergebnis liegt bei 2 aus 5
Antwortstatistiken
Hinweis Antwort % Korrekt
Trainer des 1. FC Heidenheim 1846 seit 2007 1974 Frank Schmidt
70%
Gründer von Voith 1803 Johann Matthäus Voith
63%
Generalfeldmarschall ab 1942, wurde beschuldigt am Attentat gegen Adolf Hitler beteiligt gewesen zu sein und zum Suizid gezwungen. Spitzname "Wüstenfuchs" 1891 Erwin Rommel
60%
Fußballtrainer (Braunschweig, Sandhausen und Würzburg) 1978 Michael Schiele
20%
ehemaliger Fußballspieler, welcher seine größten Erfolge mit Ajax Amsterdam und dem Hamburger SV feierte 1947 Horst Blankenburg
7%
Keine übereinstimmenden Quizze gefunden
Verteilung der Resultate
Anzahl Personen mit jedem Resultat
Perzentil nach korrekt beantworteten Fragen
Ihre Resultats-Entwicklung
Sie haben dieses Quiz noch nicht gespielt